000 00571nam a2200229Ia 4500
003 OSt
005 20220918203115.0
006 a|||||r|||| 00| 0
007 ta
008 220917b |||||||| |||| 00| 0 eng d
024 _a106,059
037 _cTextual
040 _aARTS
_cARTS
_beng
041 _2eng
_aeng
082 _aV3:10Y133:N1, K3
100 _aBriggs Asa
_9106378
245 0 _aVictorian cities
260 _aNA
_bNA
_c1963
650 _aHISTORY
942 _hV3:10Y133:N1, K3
_cTEXL
_2CC
999 _c229417
_d229417